[Event "4NCL/Div1/HKF1 vs. RIC"]
[Site "Wokefield Park ENG"]
[Date "2008.01.12"]
[Round "5.1"]
[White "Greet, Andrew N"]
[Black "Gormally, Daniel W"]
[Result "0-1"]
[WhiteElo "2444"]
[BlackElo "2495"]
[PlyCount "84"]
[EventDate "2008.01.12"]
[EventCountry "ENG"]
[SourceDate "2007.09.15"]

1. e4 c5 2. Nf3 d6 3. Bb5+ Nd7 4. d4 Ngf6 5. Nc3 cxd4 6. Qxd4 e5 7. Qd3 h6 8.
Be3 Be7 9. Bc4 a6 10. a4 O-O 11. O-O Nb8 12. Rfd1 Nc6 13. Qe2 Bg4 14. Nd5 Nxd5
15. Bxd5 Kh8 16. h3 Bd7 17. Nd2 f5 18. exf5 Bxf5 19. c3 Qe8 20. Ne4 Qg6 21. Ng3
Be6 22. Bxe6 Qxe6 23. Qg4 Qf7 24. Qe4 Rad8 25. Qd5 Qg6 26. Ne4 Bh4 27. Rd2 Ne7
28. Qd3 d5 29. Ng3 e4 30. Qe2 Bxg3 31. fxg3 Qxg3 32. Bc5 Qc7 33. Bxe7 Qxe7 34.
Qe3 Rf5 35. Rad1 Qc7 36. Rd4 b5 37. axb5 axb5 38. Kh1 Rdf8 39. Qe2 Rf2 40. Qxb5
Qg3 41. Rg1 R8f3 42. Qd7 Rxg2 0-1

[Event "4NCL/Div1/HKF1 vs. RIC"]
[Site "Wokefield Park ENG"]
[Date "2008.01.12"]
[Round "5.3"]
[White "Broomfield, Matthew"]
[Black "Wall, Gavin"]
[Result "1/2-1/2"]
[WhiteElo "2349"]
[BlackElo "2305"]
[PlyCount "64"]
[EventDate "2008.01.12"]
[EventCountry "ENG"]
[SourceDate "2007.09.15"]

1. d4 f5 2. d5 Nf6 3. g3 c6 4. c4 cxd5 5. cxd5 Qa5+ 6. Nc3 b5 7. Bg5 Ne4 8. Bd2
Nxd2 9. Qxd2 b4 10. Nd1 Na6 11. Bg2 Bb7 12. Nh3 Nc5 13. O-O Nb3 14. axb3 Qxa1
15. Qxb4 Qa6 16. Ne3 g6 17. Nc4 Rc8 18. Qc3 Qf6 19. Nd6+ Qxd6 20. Qxh8 h6 21.
Nf4 Kf7 22. Qd4 a5 23. e4 Bg7 24. Qe3 Ba6 25. Re1 Bxb2 26. exf5 gxf5 27. Bf3
Bf6 28. Rc1 Rxc1+ 29. Qxc1 Qb4 30. Qd1 Qd4 31. Qc2 Qc3 32. Qd1 Qa1 1/2-1/2

[Event "4NCL/Div1/HKF1 vs. RIC"]
[Site "Wokefield Park ENG"]
[Date "2008.01.12"]
[Round "5.4"]
[White "Bisby, Daniel L"]
[Black "Briscoe, Christopher"]
[Result "1-0"]
[WhiteElo "2278"]
[BlackElo "2268"]
[PlyCount "71"]
[EventDate "2008.01.12"]
[EventCountry "ENG"]
[SourceDate "2007.09.15"]

1. e4 c5 2. Nc3 a6 3. g3 b5 4. Bg2 Bb7 5. d3 Nf6 6. f4 e6 7. Nf3 d5 8. e5 d4 9.
Ne2 Nd5 10. O-O Be7 11. g4 Nd7 12. Ng3 Qc7 13. Qe1 O-O-O 14. Bd2 Kb8 15. c3
dxc3 16. bxc3 N7b6 17. Ne4 h5 18. h3 hxg4 19. hxg4 f6 20. Qg3 c4 21. d4 Ne3 22.
Bxe3 Bxe4 23. Bd2 Qb7 24. f5 Ka7 25. fxe6 Na4 26. Rae1 Bd5 27. Nh4 Rxh4 28.
Bxd5 Rxd5 29. Qxh4 fxe5 30. Bg5 Bxg5 31. Qxg5 exd4 32. Re5 Nxc3 33. Rf7 Ne2+
34. Kf2 Rxe5 35. Rxb7+ Kxb7 36. Qxe5 1-0

[Event "4NCL/Div1/HKF1 vs. RIC"]
[Site "Wokefield Park ENG"]
[Date "2008.01.12"]
[Round "5.5"]
[White "Therrien, Alex"]
[Black "Osborne, Marcus E"]
[Result "1/2-1/2"]
[WhiteElo "2240"]
[BlackElo "2278"]
[PlyCount "71"]
[EventDate "2008.01.12"]
[EventCountry "ENG"]
[SourceDate "2007.09.15"]

1. d4 Nf6 2. c4 e6 3. g3 d5 4. Bg2 dxc4 5. Qa4+ Nbd7 6. Nf3 a6 7. Qxc4 b5 8.
Qc2 c5 9. Ne5 Nd5 10. Nxd7 Bxd7 11. Bxd5 exd5 12. dxc5 Bc6 13. Nd2 d4 14. f3 d3
15. Qxd3 Qxd3 16. exd3 Bxc5 17. Nb3 Bb6 18. Rf1 O-O-O 19. d4 Bd5 20. Be3 Bc4
21. Rh1 Rhe8 22. Kf2 Bxb3 23. axb3 Bxd4 24. Bxd4 Rxd4 25. Rhd1 Rxd1 26. Rxd1
Kc7 27. b4 Re6 28. Rc1+ Kd6 29. Rc8 Kd5 30. Rc7 Rf6 31. Ke3 Re6+ 32. Kd3 Rf6
33. f4 Rd6 34. Ke3 Re6+ 35. Kf3 Rf6 36. Ke3 1/2-1/2

[Event "4NCL/Div1/HKF1 vs. RIC"]
[Site "Wokefield Park ENG"]
[Date "2008.01.12"]
[Round "5.6"]
[White "Nixon, Thomas C M"]
[Black "McFarland, Robert S"]
[Result "0-1"]
[WhiteElo "2202"]
[BlackElo "2229"]
[PlyCount "57"]
[EventDate "2008.01.12"]
[EventCountry "ENG"]
[SourceDate "2007.09.15"]

1. d4 g6 2. e4 Bg7 3. Nc3 d6 4. Be3 a6 5. Qd2 Nd7 6. a4 b6 7. f3 c5 8. Bc4 cxd4
9. Bxd4 Bxd4 10. Qxd4 Ngf6 11. f4 Bb7 12. Nf3 Nc5 13. O-O-O O-O 14. Rhe1 b5 15.
axb5 axb5 16. Bxb5 Nfxe4 17. Nb1 Qb6 18. Bc4 Ra4 19. b3 Rb4 20. Nbd2 Nf2 21.
Rxe7 Nxd1 22. Kxd1 Qd8 23. Qf6 d5 24. Ne5 Rb6 25. Qh4 dxc4 26. Nexc4 Re6 27.
Rxe6 Qxh4 28. Rb6 Bxg2 29. Rb5 0-1

[Event "4NCL/Div1/HKF1 vs. RIC"]
[Site "Wokefield Park ENG"]
[Date "2008.01.12"]
[Round "5.7"]
[White "Lindner, Daniel"]
[Black "Meyer, Gordon"]
[Result "1-0"]
[WhiteElo "2237"]
[BlackElo "2154"]
[PlyCount "63"]
[EventDate "2008.01.12"]
[EventCountry "ENG"]
[SourceDate "2007.09.15"]

1. e4 c5 2. Nf3 d6 3. d4 cxd4 4. Nxd4 Nf6 5. Nc3 a6 6. Bc4 e6 7. Bb3 Nbd7 8. f4
Nc5 9. f5 Be7 10. O-O Nxb3 11. axb3 O-O 12. Rf3 e5 13. Nde2 Bd7 14. Bg5 Bc6 15.
Bxf6 Bxf6 16. Nd5 Bg5 17. Nec3 Rc8 18. f6 gxf6 19. g3 f5 20. Rxf5 Bd7 21. Rf2
f5 22. h4 Be7 23. exf5 Kh8 24. Qd3 Rg8 25. Nxe7 Qxe7 26. f6 Qe6 27. Ne4 Rg6 28.
Ng5 Qg4 29. Re1 Bc6 30. Re3 Rf8 31. Qxd6 Qd1+ 32. Qxd1 1-0

[Event "4NCL/Div1/SLOS1 vs. WGR"]
[Site "Wokefield Park ENG"]
[Date "2008.01.12"]
[Round "5.1"]
[White "Rudolf, Anna"]
[Black "Turner, Matthew J"]
[Result "0-1"]
[WhiteElo "2242"]
[BlackElo "2484"]
[PlyCount "86"]
[EventDate "2008.01.12"]
[EventCountry "ENG"]
[SourceDate "2007.09.15"]

1. e4 c5 2. Nf3 g6 3. d4 cxd4 4. Nxd4 Bg7 5. c4 Nc6 6. Be3 Nf6 7. Nc3 O-O 8.
Be2 b6 9. O-O Bb7 10. f3 Ne8 11. Ndb5 Nc7 12. Qd2 Ne6 13. Nd5 d6 14. Rac1 Rb8
15. Rfd1 Ba8 16. Bf1 a6 17. Nbc3 Ned4 18. Ne2 Nxe2+ 19. Qxe2 e6 20. Nc3 f5 21.
Qd2 Ne5 22. Bg5 Qe8 23. Be2 fxe4 24. Nxe4 Bxe4 25. fxe4 Qc6 26. Be7 Rfe8 27.
Bxd6 Rbd8 28. b4 Nf7 29. c5 bxc5 30. bxc5 Bh6 31. Qb2 Bxc1 32. Rxc1 Nxd6 33.
cxd6 Qxd6 34. e5 Qd2 35. Qxd2 Rxd2 36. Bc4 Kg7 37. Bb3 Re2 38. Rc5 Rd8 39. h3
Rdd2 40. Bxe6 Rxg2+ 41. Kf1 Rgf2+ 42. Kg1 Rc2 43. Rd5 Rfd2 0-1

[Event "4NCL/Div1/SLOS1 vs. WGR"]
[Site "Wokefield Park ENG"]
[Date "2008.01.12"]
[Round "5.2"]
[White "Martin, Andrew D"]
[Black "Roberson, Peter T"]
[Result "1-0"]
[WhiteElo "2425"]
[BlackElo "2220"]
[PlyCount "76"]
[EventDate "2008.01.12"]
[EventCountry "ENG"]
[SourceDate "2007.09.15"]

1. d4 Nf6 2. c4 e6 3. Nc3 c5 4. d5 exd5 5. cxd5 d6 6. e4 g6 7. f3 Bg7 8. Bg5
O-O 9. Qd2 Na6 10. Nge2 Nc7 11. Ng3 a6 12. Be2 b5 13. O-O b4 14. Nd1 Nb5 15.
Qf4 Nd4 16. Bc4 Re8 17. Nf2 Re5 18. Nd3 Re8 19. Rae1 Nc2 20. Rc1 Nd4 21. Rfe1
a5 22. Qh4 Ba6 23. Bxa6 Rxa6 24. Nf2 h5 25. f4 b3 26. axb3 Nxb3 27. Rcd1 Nd4
28. e5 dxe5 29. fxe5 Qxd5 30. Bxf6 Bxf6 31. exf6 Rae6 32. Rf1 Qe5 33. Nd3 Qd6
34. Qg5 Qb6 35. Nxh5 c4 36. Kh1 cxd3 37. Qh6 Nf5 38. Rxf5 Re1+ 1-0

[Event "4NCL/Div1/SLOS1 vs. WGR"]
[Site "Wokefield Park ENG"]
[Date "2008.01.12"]
[Round "5.3"]
[White "Williams, Samuel G"]
[Black "Sowray, Peter J"]
[Result "0-1"]
[WhiteElo "2257"]
[BlackElo "2346"]
[PlyCount "162"]
[EventDate "2008.01.12"]
[EventCountry "ENG"]
[SourceDate "2007.09.15"]

1. d4 Nf6 2. c4 e6 3. Nf3 c5 4. d5 exd5 5. cxd5 d6 6. Nc3 g6 7. e4 Bg7 8. Bd3
a6 9. a4 Bg4 10. h3 Bxf3 11. Qxf3 Nbd7 12. O-O Ne5 13. Qe2 Nxd3 14. Qxd3 O-O
15. Bg5 Qc7 16. e5 dxe5 17. Bxf6 Bxf6 18. Ne4 Bg7 19. Rac1 Qb6 20. d6 Qxb2 21.
Rxc5 Qd4 22. Qc2 f5 23. Rc4 Qb6 24. Rb1 Qd8 25. Rc7 b5 26. Nc5 Qxd6 27. Qb3+
Kh8 28. Ne6 Rf6 29. Rxg7 Qxe6 30. Rc7 Qxb3 31. Rxb3 Rb8 32. Rd3 g5 33. axb5
axb5 34. Rdd7 Rh6 35. Rb7 Rxb7 36. Rxb7 Re6 37. Rxb5 h5 38. g3 Kg7 39. Kg2 Kf6
40. Kf3 Ra6 41. Rb3 Rd6 42. Ke3 Ke6 43. Kf3 h4 44. gxh4 gxh4 45. Ke2 Kf6 46.
Rb5 Ra6 47. Rb3 Kg5 48. Ke3 Ra1 49. Kf3 Rg1 50. Rb8 e4+ 51. Ke3 Re1+ 52. Kd2
Rh1 53. Rb3 Kf4 54. Ke2 Rc1 55. Ra3 Rb1 56. Rc3 Rb8 57. Kf1 Re8 58. Kg2 Rd8 59.
Rc7 Rd6 60. Rc5 Rg6+ 61. Kf1 Re6 62. Ke2 Re5 63. Rc8 Ra5 64. Rc3 Rd5 65. Rb3
Rd3 66. Rxd3 exd3+ 67. Kxd3 Kf3 68. Kd2 Kxf2 69. Kd1 f4 70. Kd2 f3 71. Kd3 Kg3
72. Ke4 f2 73. Ke3 f1=Q 74. Ke4 Kxh3 75. Ke5 Kg2 76. Ke6 h3 77. Ke5 h2 78. Kd5
h1=Q 79. Kc5 Qd3 80. Kc6 Qc1+ 81. Kb6 Qb3+ 0-1

[Event "4NCL/Div1/SLOS1 vs. WGR"]
[Site "Wokefield Park ENG"]
[Date "2008.01.12"]
[Round "5.5"]
[White "Cox, Tristan"]
[Black "Tiller, Bjorn"]
[Result "1/2-1/2"]
[WhiteElo "2151"]
[BlackElo "2389"]
[PlyCount "22"]
[EventDate "2008.01.12"]
[EventCountry "ENG"]
[SourceDate "2007.09.15"]

1. Nf3 g6 2. d4 d6 3. c4 Bg7 4. e4 Bg4 5. Be2 Nc6 6. Be3 e5 7. d5 Bxf3 8. Bxf3
Nd4 9. O-O c5 10. dxc6 bxc6 11. c5 Rb8 1/2-1/2

[Event "4NCL/Div1/SLOS1 vs. WGR"]
[Site "Wokefield Park ENG"]
[Date "2008.01.12"]
[Round "5.7"]
[White "Armstrong, Malcolm"]
[Black "Hegarty, Sarah"]
[Result "1/2-1/2"]
[WhiteElo "2109"]
[BlackElo "1967"]
[PlyCount "52"]
[EventDate "2008.01.12"]
[EventCountry "ENG"]
[SourceDate "2007.09.15"]

1. d4 Nf6 2. Nf3 g6 3. Bg5 d5 4. Bxf6 exf6 5. e3 Bg7 6. c4 O-O 7. Nc3 dxc4 8.
Bxc4 c6 9. O-O Bg4 10. h3 Bxf3 11. Qxf3 Nd7 12. g4 c5 13. Rad1 cxd4 14. exd4
Rc8 15. Bb3 Nb8 16. Rfe1 Nc6 17. Nd5 Kh8 18. Ne3 f5 19. gxf5 Qg5+ 20. Qg4 Qxg4+
21. hxg4 Nxd4 22. Bd5 gxf5 23. Nxf5 Nxf5 24. gxf5 Bf6 25. Bxb7 Rc2 26. Bf3 Rxb2
1/2-1/2

[Event "4NCL/Div1/SLOS1 vs. WGR"]
[Site "Wokefield Park ENG"]
[Date "2008.01.12"]
[Round "5.8"]
[White "Cumming, Rhys"]
[Black "de Coverly, Roger"]
[Result "0-1"]
[WhiteElo "1845"]
[BlackElo "2092"]
[PlyCount "78"]
[EventDate "2008.01.12"]
[EventCountry "ENG"]
[SourceDate "2007.09.15"]

1. e4 e5 2. Nf3 Nc6 3. Nc3 Nf6 4. d4 Bb4 5. d5 Nb8 6. Bd3 d6 7. h3 a6 8. a3 Bc5
9. O-O Nbd7 10. b4 Ba7 11. Ne2 Nf8 12. Ng3 Ng6 13. c4 O-O 14. Qc2 h6 15. c5 Nf4
16. Bc4 N6h5 17. Nxh5 Nxh5 18. Rd1 Qe7 19. cxd6 cxd6 20. Rd3 f5 21. Rc3 fxe4
22. Qxe4 Bf5 23. Qe1 e4 24. g4 Qd7 25. Nh2 Bh7 26. Be3 Nf4 27. Bxa7 Rxa7 28.
Qe3 b5 29. Bb3 Nd3 30. Rf1 Rc7 31. Rc6 Kh8 32. Rxc7 Qxc7 33. f3 Qc3 34. Bd1 Qe5
35. fxe4 Rxf1+ 36. Nxf1 Qxe4 37. Bf3 Qe5 38. Qb6 Ne1 39. Bh1 Nc2 {time} 0-1

[Event "4NCL/Div1/BAR1 vs. NWE1"]
[Site "Wokefield Park ENG"]
[Date "2008.01.12"]
[Round "5.1"]
[White "Ferguson, Mark"]
[Black "Hennigan, Michael T"]
[Result "0-1"]
[WhiteElo "2412"]
[BlackElo "2378"]
[PlyCount "134"]
[EventDate "2008.01.12"]
[EventCountry "ENG"]
[SourceDate "2007.09.15"]

1. e4 c5 2. Nf3 e6 3. d3 Nc6 4. c3 Nf6 5. g3 d6 6. Bg2 Be7 7. O-O O-O 8. Re1
Bd7 9. Nbd2 b5 10. b3 a5 11. a4 b4 12. c4 Ng4 13. Bb2 Bf6 14. Bxf6 Qxf6 15. Nf1
Nge5 16. Ne3 Nxf3+ 17. Bxf3 g5 18. Ng4 Qg7 19. e5 dxe5 20. Bxc6 Bxc6 21. Nxe5
Be8 22. Qf3 Rd8 23. Ng4 Rd6 24. Nf6+ Kh8 25. Nxe8 Rxe8 26. Rad1 e5 27. Qb7 f6
28. Qxg7+ Kxg7 29. f4 gxf4 30. gxf4 Red8 31. Re3 exf4 32. Re7+ Kg6 33. Rc7 Rxd3
34. Rxd3 Rxd3 35. Rxc5 Rxb3 36. Rxa5 Rc3 37. c5 Kg5 38. Rb5 b3 39. c6+ Kg4 40.
c7 Rxc7 41. Rxb3 Rc1+ 42. Kf2 Rc2+ 43. Kg1 Ra2 44. h3+ Kh4 45. a5 h5 46. Rc3
Rxa5 47. Kf2 Ra2+ 48. Kf1 Rh2 49. Rf3 Kg5 50. Ra3 Rc2 51. Ra5+ Kh4 52. Ra3 Rd2
53. Rb3 Rd5 54. Rf3 Kg5 55. Ra3 Re5 56. Kf2 Re3 57. Ra5+ f5 58. Kg2 Rg3+ 59.
Kh2 Rc3 60. Kg2 Rc2+ 61. Kf1 f3 62. Ra4 h4 63. Rb4 Re2 64. Ra4 Re4 65. Ra8 Kf4
66. Rg8 Re2 67. Rg7 Rh2 0-1

[Event "4NCL/Div1/BAR1 vs. NWE1"]
[Site "Wokefield Park ENG"]
[Date "2008.01.12"]
[Round "5.4"]
[White "Hague, Ben"]
[Black "D'Costa, Lorin A R"]
[Result "0-1"]
[WhiteElo "2266"]
[BlackElo "2406"]
[PlyCount "110"]
[EventDate "2008.01.12"]
[EventCountry "ENG"]
[SourceDate "2007.09.15"]

1. e4 c5 2. c3 d5 3. exd5 Qxd5 4. d4 Nf6 5. Nf3 e6 6. Be3 cxd4 7. cxd4 Nc6 8.
Nc3 Qd6 9. Bc4 Be7 10. O-O O-O 11. Qe2 a6 12. Rad1 b5 13. Bb3 Na5 14. Bc2 Bb7
15. Ng5 Rac8 16. d5 exd5 17. Bd4 h6 18. Qd3 hxg5 19. Bxf6 g6 20. Bd4 Nc6 21.
Bb3 Nxd4 22. Qxd4 Bf6 23. Ne4 Qxh2+ 24. Kxh2 Bxd4 25. Rxd4 dxe4 26. Rd7 Bc6 27.
Ra7 Kg7 28. Rxa6 Rfd8 29. Rc1 Be8 30. Rxc8 Rxc8 31. Ra7 Kf8 32. Kg3 f5 33. f4
exf3 34. gxf3 Rd8 35. Rc7 Rd7 36. Rc2 Rd3 37. Kf2 Ke7 38. Ke2 Rd4 39. Ke3 Rd6
40. Rc7+ Kf6 41. Rb7 f4+ 42. Ke2 g4 43. fxg4 Bc6 44. Rb6 Ke5 45. Rb8 f3+ 46.
Ke3 Rf6 47. Kf2 Kf4 48. a4 Rd6 49. axb5 Rd2+ 50. Kf1 Be4 51. Rf8+ Ke3 52. Re8
Rxb2 53. Bd1 Rb1 54. Rd8 Bd3+ 55. Ke1 f2# 0-1

[Event "4NCL/Div1/BAR1 vs. NWE1"]
[Site "Wokefield Park ENG"]
[Date "2008.01.12"]
[Round "5.5"]
[White "Collinson, Adam"]
[Black "Lyell, Mark"]
[Result "1-0"]
[WhiteElo "2385"]
[BlackElo "2221"]
[PlyCount "136"]
[EventDate "2008.01.12"]
[EventCountry "ENG"]
[SourceDate "2007.09.15"]

1. e4 e5 2. Nf3 Nc6 3. Nc3 Nf6 4. Bb5 Nd4 5. Ba4 Bc5 6. Nxe5 O-O 7. Nd3 Bb6 8.
e5 Ne8 9. Nd5 f6 10. c3 Ne6 11. O-O fxe5 12. Nxe5 d6 13. Nf3 Nc5 14. Bc2 Nf6
15. Nxb6 axb6 16. d4 Nce4 17. Ng5 Nxg5 18. Bxg5 Ra5 19. d5 h6 20. Bh4 g5 21.
Bg3 Qe8 22. c4 Nh5 23. Re1 Qf7 24. Qd4 Bd7 25. Re2 Raa8 26. a3 Rae8 27. Rae1
Nf4 28. Bxf4 Rxe2 29. Rxe2 Qxf4 30. Qxf4 Rxf4 31. b3 Kf7 32. f3 b5 33. cxb5
Bxb5 34. Re4 Rf5 35. Rd4 Re5 36. Be4 Kf6 37. Kf2 Be8 38. g3 Bg6 39. Rc4 Bxe4
40. fxe4 Re7 41. Ke3 Ke5 42. a4 g4 43. a5 Rf7 44. Rb4 c5 45. dxc6 bxc6 46. a6
c5 47. Ra4 Ra7 48. Kd3 d5 49. exd5 Kxd5 50. Kc3 h5 51. Kd3 Kc6 52. Kc4 Kb6 53.
Ra2 Kc6 54. Rf2 Re7 55. Rf6+ Kc7 56. Kxc5 Re5+ 57. Kb4 Re2 58. Kb5 Re5+ 59. Ka4
Kb8 60. Rf7 Re6 61. Rh7 Rxa6+ 62. Kb5 Ra2 63. Rxh5 Kc7 64. b4 Kd6 65. Kb6 Rb2
66. b5 Rb4 67. Rg5 Rb2 68. Rh5 Rb1 1-0

[Event "4NCL/Div1/BAR1 vs. NWE1"]
[Site "Wokefield Park ENG"]
[Date "2008.01.12"]
[Round "5.6"]
[White "Redmond, John"]
[Black "Cox, John J"]
[Result "0-1"]
[WhiteElo "2210"]
[BlackElo "2375"]
[PlyCount "80"]
[EventDate "2008.01.12"]
[EventCountry "ENG"]
[SourceDate "2007.09.15"]

1. f4 d6 2. Nf3 Bg4 3. e4 d5 4. e5 e6 5. Be2 c5 6. O-O Nc6 7. d3 Nge7 8. c3 Nf5
9. Na3 Nh4 10. Nc2 Bxf3 11. Bxf3 Nxf3+ 12. Qxf3 Qd7 13. Bd2 Be7 14. Rae1 O-O-O
15. Rb1 Kb8 16. b4 cxb4 17. cxb4 Rc8 18. Rfc1 Rc7 19. b5 Bc5+ 20. Be3 Ne7 21.
Bxc5 Rxc5 22. Nd4 Rxc1+ 23. Rxc1 Rc8 24. Qe3 Rxc1+ 25. Qxc1 Qc7 26. Qa3 Qb6 27.
Qb4 a5 28. Qd6+ Ka7 29. Qxb6+ Kxb6 30. Kf2 Kc5 31. Ke3 Nf5+ 32. Nxf5 exf5 33.
g4 g6 34. gxf5 gxf5 35. Kf3 Kd4 36. Kg3 Kxd3 37. Kh4 Ke4 38. Kg5 d4 39. Kf6 d3
40. Kxf7 d2 0-1

[Event "4NCL/Div1/BAR1 vs. NWE1"]
[Site "Wokefield Park ENG"]
[Date "2008.01.12"]
[Round "5.7"]
[White "Devereaux, Maxim"]
[Black "Hulmes, David I"]
[Result "1-0"]
[WhiteElo "2348"]
[BlackElo "2220"]
[PlyCount "81"]
[EventDate "2008.01.12"]
[EventCountry "ENG"]
[SourceDate "2007.09.15"]

1. d4 d5 2. c4 e6 3. Nf3 Nf6 4. Nc3 Be7 5. Bg5 h6 6. Bh4 O-O 7. e3 b6 8. Be2
Bb7 9. Bxf6 Bxf6 10. cxd5 exd5 11. b4 c5 12. bxc5 bxc5 13. Rb1 Bc6 14. O-O Nd7
15. Bb5 Qc7 16. Qc2 Rac8 17. Rfc1 Rfd8 18. Qb3 c4 19. Qa3 Nb8 20. Bxc6 Nxc6 21.
Rb5 Qe7 22. Qxe7 Nxe7 23. Rb7 a6 24. Rcb1 Rc6 25. a4 Nc8 26. Rb8 Kh7 27. Kf1 h5
28. h3 g5 29. g4 hxg4 30. hxg4 Kg6 31. Ke2 Bg7 32. a5 Rdd6 33. R1b7 f6 34. Nd2
Bh6 35. Nf1 f5 36. gxf5+ Kxf5 37. e4+ dxe4 38. Ne3+ Kg6 39. d5 Rc5 40. Nxe4
Rdxd5 41. Nxd5 1-0

[Event "4NCL/Div1/BAR1 vs. NWE1"]
[Site "Wokefield Park ENG"]
[Date "2008.01.12"]
[Round "5.8"]
[White "Grigoryan-Lyell, Meri"]
[Black "Lauterbach, Ingrid"]
[Result "1-0"]
[WhiteElo "2036"]
[BlackElo "2159"]
[PlyCount "107"]
[EventDate "2008.01.12"]
[EventCountry "ENG"]
[SourceDate "2007.09.15"]

1. d4 g6 2. c4 d6 3. Nc3 c6 4. Nf3 Nd7 5. e4 Bg7 6. Be3 Ngf6 7. h3 Qc7 8. Rc1
O-O 9. Qd2 e5 10. d5 Rd8 11. Bd3 Ne8 12. Bg5 f6 13. Be3 Nf8 14. g4 Qe7 15. b4
Nd7 16. g5 Nf8 17. gxf6 Nxf6 18. c5 cxd5 19. cxd6 Qe8 20. Bb5 Bd7 21. Nxd5 Nxe4
22. Qc2 Bxb5 23. Nc7 Qf7 24. Qxe4 Bc6 25. Rxc6 bxc6 26. Nxa8 Rxa8 27. Qxc6 Rd8
28. Ng5 Qxa2 29. Bxa7 Qb1+ 30. Ke2 Qa2+ 31. Kf1 h6 32. Bb6 Rd7 33. Ne4 Qb1+ 34.
Kg2 Qxb4 35. Rc1 Qb3 36. Nc5 Rxd6 37. Nxb3 Rxc6 38. Rxc6 Nd7 39. Rc8+ Kf7 40.
Rc7 Ke6 41. Nc5+ Nxc5 42. Rxc5 Kf5 43. Bc7 g5 44. Kf3 h5 45. Rc6 Bf8 46. Bd8
Bg7 47. Rc7 g4+ 48. hxg4+ hxg4+ 49. Kg3 Bh6 50. Rf7+ Ke4 51. Kxg4 Bc1 52. Bc7
Bb2 53. Re7 Kd5 54. Kf5 1-0

[Event "4NCL/Div1/AD vs. GUI1"]
[Site "Wokefield Park ENG"]
[Date "2008.01.12"]
[Round "5.2"]
[White "Pert, Nicholas"]
[Black "Davies, Nigel R"]
[Result "1-0"]
[WhiteElo "2528"]
[BlackElo "2480"]
[PlyCount "117"]
[EventDate "2008.01.12"]
[EventCountry "ENG"]
[SourceDate "2007.09.15"]

1. d4 Nf6 2. Nf3 g6 3. c4 Bg7 4. g3 O-O 5. Bg2 d6 6. O-O c6 7. Nc3 Bf5 8. b3
Ne4 9. Bb2 Nxc3 10. Bxc3 Be4 11. e3 Nd7 12. Qe2 Nf6 13. Rfd1 Qc8 14. Rac1 a5
15. Bf1 Bf5 16. Nd2 Bh3 17. e4 Bxf1 18. Nxf1 a4 19. e5 dxe5 20. dxe5 Qe6 21. f4
axb3 22. axb3 Rfd8 23. Qf3 Ne8 24. Ne3 f5 25. Be1 Bf8 26. Bf2 Qf7 27. Nc2 e6
28. Bb6 Rxd1+ 29. Rxd1 Nc7 30. Qd3 Na6 31. Qd4 Re8 32. Ne1 c5 33. Qf2 Rc8 34.
Nf3 Nb8 35. Qd2 Qe8 36. Bd8 Nc6 37. Bf6 Rc7 38. Kg2 h6 39. h4 Kf7 40. Qe2 Kg8
41. Qd3 Kf7 42. Bd8 Rc8 43. Bf6 Rc7 44. Kh3 h5 45. Bd8 Rc8 46. Bb6 Nb8 47. Ba7
Be7 48. Bxb8 Rxb8 49. Ng5+ Bxg5 50. hxg5 Qe7 51. Qd7 b6 52. Qc6 Rd8 53. Rd6
Rxd6 54. exd6 Qd8 55. Kg2 Kf8 56. Kh2 Kf7 57. Kh3 Kf8 58. Kh4 Qb8 59. d7 1-0

[Event "4NCL/Div1/AD vs. GUI1"]
[Site "Wokefield Park ENG"]
[Date "2008.01.12"]
[Round "5.3"]
[White "Cernousek, Lukas"]
[Black "Conquest, Stuart C"]
[Result "1/2-1/2"]
[WhiteElo "2422"]
[BlackElo "2539"]
[PlyCount "81"]
[EventDate "2008.01.12"]
[EventCountry "ENG"]
[SourceDate "2007.09.15"]

1. d4 d5 2. Nf3 a6 3. g3 Bf5 4. c4 e6 5. Bg2 c6 6. a4 Nf6 7. Qb3 Ra7 8. Nc3
Nbd7 9. Nh4 Bg4 10. h3 Bh5 11. g4 Bg6 12. Nxg6 hxg6 13. e4 Nxe4 14. Nxe4 dxe4
15. Bxe4 Qc7 16. Be3 Ra8 17. O-O-O Bd6 18. Kb1 Kf8 19. h4 Re8 20. g5 Bf4 21.
Rh3 Kg8 22. Rdh1 Bxe3 23. fxe3 e5 24. Qd3 exd4 25. exd4 Qf4 26. Bg2 Qd6 27. c5
Qe7 28. Rf1 Qe2 29. Qxe2 Rxe2 30. Bf3 Rd2 31. Rd1 Rxd1+ 32. Bxd1 Nf8 33. Bb3
Ne6 34. Bxe6 fxe6 35. Kc2 Kf7 36. Rb3 Rb8 37. Rb6 Ke7 38. b4 Kd7 39. b5 axb5
40. axb5 Kc7 41. bxc6 1/2-1/2

[Event "4NCL/Div1/AD vs. GUI1"]
[Site "Wokefield Park ENG"]
[Date "2008.01.12"]
[Round "5.4"]
[White "Howell, David W L"]
[Black "Mestel, A Jonathan"]
[Result "1-0"]
[WhiteElo "2528"]
[BlackElo "2470"]
[PlyCount "61"]
[EventDate "2008.01.12"]
[EventCountry "ENG"]
[SourceDate "2007.09.15"]

1. e4 c5 2. c3 Nf6 3. e5 Nd5 4. Nf3 e6 5. d4 cxd4 6. cxd4 d6 7. Bc4 Nc6 8. O-O
Be7 9. a3 O-O 10. Re1 Qb6 11. exd6 Bxd6 12. Qd3 Nf6 13. Be3 Rd8 14. Nc3 Be7 15.
d5 Qc7 16. Nb5 Qb8 17. dxc6 bxc6 18. Nbd4 c5 19. Nc6 Rxd3 20. Nxb8 Rxe3 21.
Rxe3 Rxb8 22. Rb3 Rb6 23. Rd1 Ne4 24. Ne5 Nd6 25. Rxb6 axb6 26. Bf1 g5 27. Nc4
Nxc4 28. Bxc4 Kg7 29. Rd3 h5 30. a4 f5 31. Rb3 1-0

[Event "4NCL/Div1/AD vs. GUI1"]
[Site "Wokefield Park ENG"]
[Date "2008.01.12"]
[Round "5.5"]
[White "Jirka, Jiri"]
[Black "Cherniaev, Alexander"]
[Result "1-0"]
[WhiteElo "2391"]
[BlackElo "2491"]
[PlyCount "81"]
[EventDate "2008.01.12"]
[EventCountry "ENG"]
[SourceDate "2007.09.15"]

1. d4 Nf6 2. c4 g6 3. g3 Bg7 4. Bg2 d6 5. Nc3 O-O 6. Nf3 Nc6 7. d5 Na5 8. b3
Nxd5 9. Nxd5 Bxa1 10. Bd2 Nxc4 11. bxc4 Bg7 12. O-O c6 13. Ne3 Bd7 14. Qc2 Qc7
15. Bc3 Bxc3 16. Qxc3 Qb6 17. h4 f6 18. h5 Qc5 19. hxg6 hxg6 20. Qd3 Kf7 21.
Nh4 Rg8 22. Rd1 Rg7 23. Be4 Rag8 24. Nc2 f5 25. Bg2 g5 26. Nf3 f4 27. Nd2 Qe5
28. Ne4 Bf5 29. Nd4 Bh7 30. Qf3 Kf8 31. Nc3 Rh8 32. g4 Bg8 33. Qd3 Rgh7 34. Ne4
d5 35. Nc5 Qd6 36. Nxb7 Qb4 37. Nd8 Qxc4 38. Qf5+ Ke8 39. N8xc6 Rh6 40. Rb1 e6
41. Qe5 1-0

[Event "4NCL/Div1/AD vs. GUI1"]
[Site "Wokefield Park ENG"]
[Date "2008.01.12"]
[Round "5.6"]
[White "Plaskett, James"]
[Black "Richardson, John R"]
[Result "1-0"]
[WhiteElo "2490"]
[BlackElo "2310"]
[PlyCount "93"]
[EventDate "2008.01.12"]
[EventCountry "ENG"]
[SourceDate "2007.09.15"]

1. e4 c6 2. Nc3 d5 3. d4 dxe4 4. Nxe4 Bf5 5. Ng3 Bg6 6. Nf3 Nd7 7. Bd3 e6 8.
O-O Ngf6 9. Re1 Qc7 10. Bg5 Bxd3 11. Qxd3 h6 12. Bxf6 gxf6 13. c4 O-O-O 14.
Rad1 Ne5 15. Qc3 Nxf3+ 16. Qxf3 f5 17. a3 Bg7 18. d5 Kb8 19. b4 Rhe8 20. Nh5
Bh8 21. g3 cxd5 22. cxd5 Qc4 23. Nf4 e5 24. Ng2 f4 25. gxf4 e4 26. Qh5 Rg8 27.
Re3 Bd4 28. Rg3 Rxg3 29. hxg3 Rxd5 30. Ne3 Rxh5 31. Nxc4 Rd5 32. Ne3 Rd7 33.
Rd2 Kc7 34. Nf5 Bf6 35. Re2 Rd3 36. a4 Ra3 37. a5 Kc6 38. Rxe4 Kd5 39. Re8 Rb3
40. Nxh6 Rxb4 41. Nxf7 Ra4 42. f5 Rxa5 43. g4 Ra2 44. g5 Bd4 45. Rd8+ Ke4 46.
Rxd4+ Kxd4 47. g6 1-0

[Event "4NCL/Div1/AD vs. GUI1"]
[Site "Wokefield Park ENG"]
[Date "2008.01.12"]
[Round "5.7"]
[White "Snape, Ian"]
[Black "Shaw, John K"]
[Result "0-1"]
[WhiteElo "2213"]
[BlackElo "2458"]
[PlyCount "122"]
[EventDate "2008.01.12"]
[EventCountry "ENG"]
[SourceDate "2007.09.15"]

1. c4 e5 2. Nc3 Bb4 3. Nd5 a5 4. Nf3 e4 5. a3 Bd6 6. Nd4 c6 7. Nc3 Nf6 8. e3
O-O 9. d3 exd3 10. Bxd3 Na6 11. Nf3 Bc7 12. e4 Nc5 13. O-O Re8 14. Re1 Ng4 15.
Bg5 Bxh2+ 16. Nxh2 Qxg5 17. Nxg4 Nxd3 18. Qxd3 Qxg4 19. Re3 Qf4 20. Rf3 Qe5 21.
Rf5 Qe7 22. e5 d5 23. Rf3 dxc4 24. Qxc4 Be6 25. Qf4 Bd5 26. Re3 Rad8 27. Rae1
Qc7 28. Qh4 Re6 29. Rg3 Qe7 30. Qf4 f6 31. Rge3 Rxe5 32. Rxe5 fxe5 33. Rxe5 Qf7
34. Qe3 h6 35. Re7 Qg6 36. Nxd5 Rxd5 37. Rxb7 Qb1+ 38. Kh2 Rh5+ 39. Kg3 Qg6+
40. Kf3 Qf6+ 41. Kg4 Qg6+ 42. Kf3 Rf5+ 43. Ke2 Rf6 44. Qb3+ Re6+ 45. Kd2 Kh7
46. Qg3 Rd6+ 47. Kc1 Qxg3 48. fxg3 Rd3 49. Ra7 Rxg3 50. Rxa5 Rxg2 51. Rc5 g5
52. Rxc6 g4 53. b4 g3 54. Rc3 h5 55. b5 h4 56. b6 Rg1+ 57. Kc2 g2 58. Rb3 Rf1
59. b7 Rf2+ 60. Kc3 Rf3+ 61. Kc4 Rxb3 0-1